000 01126nam a2200229Ia 4500
999 _c37857
_d37857
001 3835
003 GE_BSU
005 20190815164808.0
008 181216s1980||||ge |||||||||||||| ||geo||
040 _cGE_BSU
041 _ageo
080 _a159.9+81 რ–21
100 _aრამიშვილი, დარეჯან
_93629
245 _aენობრივი პროცესის ფსიქოლოგიური მექანიზმი და შემეცნების თეორია /
_cრედ. ალ. ფრანგიშვილი; დ. უზნაძის სახ. ფსიქოლოგიის ინ-ტი.
264 _aთბ. :
_bმეცნიერება,
_c1980.
300 _a169 გვ. ;
_b21 სმ.
653 _aფსიქოლინგვისტიკა
653 _aშემეცნების თეორია
700 _aფრანგიშვილი, ალ.
_eრედაქტორი
_93630
710 _aდ. უზნაძის სახ. ფსიქოლოგიის ინ-ტი.
_93596
942 _cBK
_2udc